| 000 | 00583nam a2200217Ia 4500 | ||
|---|---|---|---|
| 008 | 170918s9999 xx 000 0 und d | ||
| 020 | _a9780439660464 | ||
| 050 | _bO818 2003 | ||
| 100 | _aOsborne, Will | ||
| 245 | _aResearch guide : | ||
| 245 | _btwisters and other terrible storms / | ||
| 245 | _cWill Osborne and Mary Pope Osborne ; illustrated by Sal Murdocca. | ||
| 260 | _aNew York : | ||
| 260 | _bScholastic, | ||
| 260 | _c2003 | ||
| 300 | _a119 pages : | ||
| 300 | _bcolored illustration ; | ||
| 300 | _c19cm. | ||
| 440 | _aMagic tree house. | ||
| 500 | _a680 | ||
| 999 |
_c341907 _d341907 |
||